000 00420nam a22001577a 4500
005 20251108165349.0
008 250721s1989 xx 000 0 ara d
082 1 4 _a640/ودي
100 1 _aجبر، وديع
245 1 0 _aالفوائد المنزلية /
264 1 _aبيروت :
_bدار الجيل،
_c1989.
300 _a464ص
650 1 7 _aالعلوم المنزلية
942 _2ddc
_cBK
999 _c26124
_d26124